000 00565nam a22002297a 4500
003 UA-OsUOA
001 44992
007 ta
008 20070320b un ||||| |||| 00| 0 ukr d
100 _aФедоров Н.
090 _a1(091)
_bФ33
942 _cBK
040 _aUA-OsUOA
_brus
_cUA-OsUOA
_dUA-OsUOA
245 _aФилософия общего дела
_bТ. 1
300 _a699 с.
955 _a2
041 _arus
080 _a1(091)
260 _aМ.
_bАСТ
_c2003
650 7 _a1(091) Історія філософії
_2UDC
999 _c306948
_d306948